| 000 | 00538nam a22001697a 4500 | ||
|---|---|---|---|
| 003 | SISC | ||
| 005 | 20160818142937.0 | ||
| 008 | 160309b xxu||||| |||| 00| 0 eng d | ||
| 020 | _a9781500971649 | ||
| 050 |
_aG 516.6 _b.M283 2014 |
||
| 100 | _aManning, Nick | ||
| 245 |
_aHow to be a tour guide : _bthe essential training manual for tour managers and tour guides / _cNick Manning. |
||
| 260 |
_aUSA : _bNicholas Manning, _c2014. |
||
| 300 |
_a270 pages : _billustrations ; _c23 cm. |
||
| 500 | _aIncludes appendices. | ||
| 942 |
_2lcc _cBK |
||
| 999 |
_c291503 _d291503 |
||